Wszystkie państwa które posiadają litere u! - Statystyki

Ogólne statystyki
  • Ten quiz został rozwiązany 1 264 razy
  • Średni wynik to 34 z 50
Statystyki odpowiedzi
Kontynent Państwo % Poprawnych
Ameryka Południowa Urugwaj
94%
Europa Ukraina
93%
Oceania Australia
88%
Europa Austria
87%
Azja Uzbekistan
85%
Europa Rumunia
84%
Ameryka Południowa Peru
82%
Europa Portugalia
82%
Azja Turcja
82%
Europa Bułgaria
81%
Ameryka Północna Kuba
79%
Ameryka Południowa Kolumbia
78%
Europa Luksemburg
78%
Afryka Uganda
78%
Ameryka Południowa Wenezuela
78%
Europa Białoruś
77%
Afryka Sudan
76%
Afryka Republika Południowej Afryki
75%
Azja Turkmenistan
74%
Afryka Sudan Południowy
71%
Afryka Tunezja
71%
Ameryka Południowa Gujana
70%
Azja Korea Południowa
70%
Azja Arabia Saudyjska
68%
Ameryka Północna Honduras
68%
Ameryka Południowa Surinam
68%
Azja Gruzja
67%
Azja Bhutan
65%
Afryka Demokratyczna Republika Konga
65%
Oceania Papua-Nowa Gwinea
64%
Afryka Republika Środkowoafrykańska
63%
Azja Kuwejt
60%
Afryka Burundi
59%
Afryka Mauretania
59%
Oceania Vanuatu
59%
Ameryka Północna Nikaragua
58%
Oceania Palau
58%
Oceania Tuvalu
58%
Afryka Kamerun
56%
Oceania Nauru
56%
Ameryka Północna Antigua i Barbuda
55%
Azja Brunei
54%
Afryka Gwinea Bissau
54%
Afryka Burkina Faso
53%
Afryka Mauritius
52%
Afryka Dżibuti
51%
Afryka Republika Zielonego Przylądka
50%
Ameryka Północna Saint Lucia
50%
Azja Singapur
49%
Afryka Suazi
29%
Nie znaleziono quizów pasujących do podanych kryteriów
Rozkład punktacji
Procent ludzi z każdym wynikiem
Percentyl według liczby udzielonych odpowiedzi
Twoja historia wyników
Nie rozwiązałeś tego quizu